000 00777nam a2200229 i 4500
001 130505
003 ES-MaACL
005 20230906193748.0
007 t|
008 070730s1975 sp ||||1| spa d
100 1 _aZaragoza, Angel.
_9118026
245 1 0 _aAbogacía y política /
_cAngel Zaragoza.
260 _aMadrid :
_bCuadernos para el Diálogo,
_c1975.
300 _a205 p. ;
_c18 cm.
490 1 _aDivulgación universitaria. Cuestiones españolas ;
_v74
610 2 4 _aColegio de Abogados de Madrid.
_92891
650 1 4 _aAbogados-
_xActividad política-
_zEspaña.
_9171782
710 2 _aCuadernos para el Diálogo.
_93333
830 1 _aDivulgación universitaria. Cuestiones españolas ;
_v74
_9176519
852 _aES-MaACL
_jE-6693
999 _c130505
_d130505